[Event "Skilling Open CCT 2021"]
[Site "Online"]
[Date "2020.11.19"]
[Round "5.3"]
[White "Vidit, Santosh Gujrathi"]
[Black "Giri, Anish"]
[Result "0-1"]
[WhiteElo "2636"]
[BlackElo "2731"]
[Annotator "TA"]
[PlyCount "186"]
[EventDate "2020.11.20"]
[EventType "tourn"]
[EventCountry "NET"]
[Tiebreak "Koya+Number of black wins+Number of wins"]
[SourceTitle "playchess.com"]
[Source "ChessBase"]
[SourceQuality "1"]

{[%evp 25,186,6,13,0,0,0,13,0,14,0,0,-2,0,-16,-17,-19,0,-8,0,-18,-20,-33,0,0,
-6,-108,0,-54,-54,-45,0,-24,0,0,0,0,0,0,0,0,0,-83,-80,-81,-72,-87,-98,-98,-73,
-73,-80,-165,-145,-207,-8,-11,-8,-12,-16,-9,-8,-8,-8,-8,-5,-6,-6,-8,-8,-8,0,
-16,-16,-16,-16,-27,-27,-48,-15,-15,-15,-15,-15,-15,-15,-15,-15,-15,-15,-15,
-15,-15,-15,-15,-15,-15,-15,-15,-15,-15,-15,-15,-15,-16,-16,-16,-15,-16,0,-16,
-16,-16,-16,-16,-16,-16,-15,-52,-16,-16,-16,-16,-15,-16,-16,-16,-16,-16,-16,
-16,-16,-16,-16,-16,-16,-16,-16,-65,-65,-73,-54,-29980,-29981,-29981,-29982,
-29982,-29983,-29983,-29984,-29984,-29985,-29985,-29986,-29986,-29987,-29987,
-29988,-29988,-29989,-29989,-29990,-29990,-29991]} 1. d4 Nf6 2. c4 g6 3. Nc3 d5
4. cxd5 Nxd5 5. e4 Nxc3 6. bxc3 Bg7 7. Nf3 c5 8. Be3 Qa5 9. Qd2 Nc6 10. Rb1 a6
11. Rc1 cxd4 12. cxd4 Qxd2+ 13. Kxd2 e6 14. h4 {D85: Exchange Grünfeld:
Unusual White 7th moves and lines with 7 Nf3.} O-O 15. Bd3 h6 16. Rb1 {The
position is equal.} Rd8 17. e5 b5 18. Rhc1 Bd7 19. Be4 Rac8 {[#]} 20. Ke1 $146
({Predecessor:} 20. Ke2 Bf8 21. Rc2 Nb4 22. Rxc8 Rxc8 23. Rb2 Bc6 24. Bxc6 Rxc6
25. Bd2 Nd5 26. Kd3 {1-0 (44) Vidit,S (2726)-Sychev,K (2572) chess.com INT 2020
}) 20... Na5 21. Nd2 Bc6 22. f3 Bf8 23. Ke2 Kg7 24. Nb3 Nc4 25. Nd2 (25. Bxc6
$11 {remains equal.} Rxc6 26. Nd2) 25... Na5 (25... Bxe4 $17 26. Nxe4 Ba3) 26.
Kd1 (26. Nb3 $1 $11 Bxe4 27. Rxc8 Rxc8 28. fxe4 Rc2+ 29. Kd3 Rxa2 30. Nxa5 Rxa5
31. d5) 26... Be7 27. g3 f6 28. Ke2 fxe5 29. dxe5 Ba3 {White must now prevent .
..Bxe4.} 30. Rd1 {aiming for Bb6.} Bxe4 31. Nxe4 {Strongly threatening Rxd8.}
Rc2+ 32. Kf1 Rd5 $1 33. Rxd5 (33. Nf6 $11 {keeps the balance.} Rxe5 34. Ng4)
33... exd5 $17 34. Nf6 Nc4 35. Bf4 g5 36. hxg5 hxg5 37. Bxg5 Nxe5 38. Rb3 (38.
Nxd5 $17 {might work better.} Nxf3 39. Rb3 Nh2+ 40. Ke1 Rxa2 41. Be7) 38... Bc5
$1 $19 {And now ...Rf2+ would win.} ({Don't play} 38... Rxa2 39. Nxd5 Nc4 40.
Bf4 $15) 39. f4 (39. Ke1 $17 {keeps fighting.}) 39... Rf2+ $2 ({Better is} 
39... Nc4 $1 $19 {[%cal Rc4d2]} 40. Ke1 Kg6) 40. Ke1 $11 Nf3+ 41. Kd1 {With
the idea Ng4.} Nxg5 (41... Nd4 $5 42. Rd3 $8 Rxa2 $11) 42. fxg5 {[%mdl 4096]
Endgame KRB-KRN} Be7 43. Nxd5 Bxg5 {...Rd2+ is the strong threat.} 44. Nb4 Rd2+
45. Ke1 a5 46. Nc6 Rxa2 47. Rxb5 {[%mdl 64] Double Attack} Bf6 (47... Be3 {
with more complications.} 48. Re5 Bh6 49. g4 Kg8 50. Rh5 Bg7) 48. Nxa5 Bc3+ 49.
Kd1 Bxa5 {KRB-KR} 50. Rb7+ Kf6 51. Ra7 Ke5 52. g4 Kd4 53. g5 Kd3 {[%cal Ra2a1]}
54. Rd7+ Kc4 55. Ra7 Kb5 56. g6 Rd2+ 57. Kc1 {White threatens Rxa5+! and mate.}
Rg2 58. g7 Bc3 (58... Bb4 {seems wilder.} 59. Ra8 Rg1+ 60. Kc2 Rxg7 61. Rc8
Rg2+) 59. g8=Q Rxg8 60. Kc2 Bd4 61. Rc7 {Cut Off at move 61} Rg3 62. Rc8 Bc5
63. Kd2 Kc4 64. Ke2 Ra3 65. Rc7 $1 Kd5 66. Rc8 Kc4 67. Rc7 Kd4 68. Rc8 Be7 69.
Rc2 Bf6 70. Rd2+ Ke4 71. Kf1 Bd4 (71... Bg5 {looks sharper.} 72. Rb2 Ke3 73.
Re2+ Kd3 74. Re5 Be3) 72. Ke2 Bc3 73. Rc2 Be5 74. Rc4+ Bd4 75. Rc2 Bc3 76. Kd1
Kf3 77. Rc1 Ke3 78. Kc2 Kd4 79. Rd1+ Kc4 80. Rd8 $1 Ra2+ 81. Kb1 Rh2 82. Kc1
Bd4 {( -> ...Kd3)} 83. Kd1 $2 {[%mdl 8192] Loses the game.} (83. Rf8 $15) 83...
Kd3 {[%cal Rh2h1] Black mates.} 84. Re8 Rb2 {[%cal Rb2b1]} 85. Rc8 Bb6 86. Rc6
Be3 87. Rd6+ Bd4 {[%cal Rb2b1]} 88. Rc6 Rg2 {[%cal Rg2g1]} 89. Re6 Rd2+ 90. Ke1
Rb2 {[%cal Rb2b1]} 91. Kf1 {[#]} Rf2+ $1 92. Ke1 {[#]} Rf5 $1 93. Rd6 Rg5 {
Weighted Error Value: White=0.16/Black=0.15} 0-1

[Event "Skilling Open CCT 2021"]
[Site "Online"]
[Date "2020.11.19"]
[Round "5.4"]
[White "So, Wesley"]
[Black "Ding, Liren"]
[Result "1/2-1/2"]
[WhiteElo "2741"]
[BlackElo "2836"]
[Annotator "TA"]
[PlyCount "72"]
[EventDate "2020.11.20"]
[EventType "tourn"]
[EventCountry "NET"]
[Tiebreak "Koya+Number of black wins+Number of wins"]
[SourceTitle "playchess.com"]
[Source "ChessBase"]
[SourceQuality "1"]

{[%evp 11,72,0,0,0,0,0,0,0,0,0,0,0,0,0,0,0,0,7,5,0,0,0,0,0,0,0,-9,-16,15,15,5,
0,0,-30,-41,-35,0,0,0,0,0,0,0,0,0,0,0,0,0,0,0,0,0,0,0,0,0,0,0,0,0,0,0]} 1. d4
Nf6 2. c4 e6 3. Nc3 Bb4 4. Qc2 O-O 5. e4 d5 6. e5 Ne4 $1 7. Nf3 {E32:
Nimzo-Indian: Classical (4 Qc2): 4...0-0.} c5 $1 8. Bd3 cxd4 9. Nxd4 Nd7 10.
Bf4 Qh4 11. g3 Qh5 12. O-O g5 13. cxd5 Bxc3 14. bxc3 exd5 15. Be3 Nxe5 16. f3
Nc5 17. Bf5 Ne6 {[#]} 18. g4 $146 ({Predecessor:} 18. Rae1 Nxd4 19. Bxd4 Nc6
20. Be3 Re8 21. g4 Bxf5 22. Qxf5 Qg6 23. Qxg5 Rad8 24. Qf4 {1/2-1/2 (56) Perez
Ponsa,F (2559)-Della Morte,G (2369) Buenos Aires 2020}) 18... Qh6 19. Rae1 Nxd4
20. Bxd4 Nc6 21. Bc5 Rd8 $1 22. Be7 (22. Be3 {seems wilder.} Qg7 23. Bd2 f6 24.
f4 gxf4 25. h3) 22... Nxe7 23. Rxe7 Bxf5 24. Qxf5 {The position is equal.} Qg6
25. Qxg6+ hxg6 $11 {[%mdl 4096] Endgame KRR-KRR} 26. f4 d4 27. fxg5 dxc3 {
White must now prevent ...c2.} 28. Rfxf7 {With the idea Rg7+.} c2 29. Rg7+ {
[%mdl 64] [#] Double Attack} Kh8 30. Rh7+ Kg8 31. Reg7+ Kf8 32. Rc7 {[%cal
Rh7h8]} Kg8 33. Rhg7+ Kh8 34. Rh7+ Kg8 35. Rhg7+ Kh8 36. Rh7+ Kg8 {Weighted
Error Value: White=0.02/Black=0.02} 1/2-1/2

[Event "Skilling Open CCT 2021"]
[Site "Online"]
[Date "2020.11.19"]
[Round "5.5"]
[White "Svidler, Peter"]
[Black "Duda, Jan-Krzysztof"]
[Result "1/2-1/2"]
[WhiteElo "2742"]
[BlackElo "2774"]
[Annotator "TA"]
[PlyCount "101"]
[EventDate "2020.11.20"]
[EventType "tourn"]
[EventCountry "NET"]
[Tiebreak "Koya+Number of black wins+Number of wins"]
[SourceTitle "playchess.com"]
[Source "ChessBase"]
[SourceQuality "1"]

{[%evp 15,101,4,1,-11,0,0,0,0,2,7,28,5,36,40,50,42,53,54,41,4,-5,15,-4,14,0,
-24,-23,-39,-43,-31,-9,-14,0,0,0,0,0,0,0,0,0,0,53,58,59,17,21,8,8,8,7,5,10,0,0,
0,0,0,0,-8,-8,-8,-8,-8,-8,-8,-8,-8,-8,-8,-8,-8,-8,-8,-8,-8,-8,-8,0,-8,0,-8,8,8,
8,8,8,8]} 1. Nf3 d5 2. g3 g6 3. Bg2 Bg7 4. d4 Nf6 5. O-O O-O 6. c4 c6 7. Qb3
Qb6 8. Nc3 Rd8 9. Rd1 {D78: Fianchetto Grünfeld: 6 0-0 c6.} Be6 10. c5 Qxb3 11.
axb3 Na6 12. h3 {[#]} Ne8 $146 ({Predecessor:} 12... Bf5 13. Ra3 Nd7 14. g4 Be4
15. Bg5 f6 16. Bh4 e5 17. e3 Bxf3 18. Bxf3 Nc7 {0-1 (35) Deshpande,A (2194)
-Laylo,D (2430) Ho Chi Minh City 2019}) 13. Bf4 f6 14. g4 g5 15. Bg3 Bf7 16. e3
h5 17. Rxa6 bxa6 18. Ra1 hxg4 19. hxg4 Be6 20. Ne1 Bxg4 21. Nd3 Bd7 22. Rxa6 e6
23. b4 Rdc8 24. b5 cxb5 25. e4 dxe4 $1 26. Bxe4 {[#] c6 is the strong threat.}
f5 $1 {[%cal Rf5e4]} 27. Bxa8 Rxa8 28. Be5 Bc8 ({Black should play} 28... Bxe5
$11 29. Nxe5 Nc7) 29. Ra5 $14 Bb7 30. Bxg7 ({Don't go for} 30. Rxb5 $2 Ba6 $19)
30... Kxg7 {The position is equal.} 31. Ne5 ({Don't blunder} 31. Rxb5 $2 Ba6
$19) 31... a6 32. c6 Bc8 $1 33. Nxb5 Rb8 34. Na7 Nc7 35. Ra3 Ra8 36. Nxc8 Rxc8
$11 {[%mdl 4096] Endgame KRN-KRN} 37. Rg3 g4 38. f3 Nb5 39. fxg4 Nxd4 40. Rd3
Nxc6 41. Rc3 Ne7 {aiming for ...Rxc3.} ({Much worse is} 41... Nxe5 $6 42. Rxc8
Nxg4 43. Rc6 $16) 42. Rxc8 Nxc8 43. gxf5 {KN-KN} Kf6 44. Nd7+ Kxf5 {
Threatening ...a5.} 45. b4 e5 46. Nc5 e4 47. Kf2 Nb6 48. Nxa6 e3+ {[%mdl 64] 
[#] Decoy} 49. Kxe3 Nd5+ 50. Kd4 Nxb4 51. Nxb4 {Weighted Error Value: White=0.
05/Black=0.05} 1/2-1/2

[Event "Skilling Open CCT 2021"]
[Site "Online"]
[Date "2020.11.19"]
[Round "5.7"]
[White "Carlsen, Magnus"]
[Black "Firouzja, Alireza"]
[Result "1-0"]
[WhiteElo "2881"]
[BlackElo "2703"]
[Annotator "TA"]
[PlyCount "127"]
[EventDate "2020.11.20"]
[EventType "tourn"]
[EventCountry "NET"]
[Tiebreak "Koya+Number of black wins+Number of wins"]
[SourceTitle "playchess.com"]
[Source "ChessBase"]
[SourceQuality "1"]

{[%evp 15,127,16,18,12,20,9,30,28,22,30,23,34,32,21,52,39,47,38,76,70,79,91,86,
89,84,84,132,116,118,120,118,112,121,107,124,123,120,124,138,122,193,206,204,
194,208,218,269,256,250,190,190,188,293,215,233,234,210,164,232,191,240,237,
232,197,310,299,284,289,435,461,449,441,438,423,382,378,475,475,470,454,385,
364,1013,834,1106,1075,29957,5625,29966,29967,29962,29960,29967,29970,29974,
29975,29974,29975,29981,29982,29982,29983,29983,29984,29984,29985,29985,29985,
29985,29986,29987,29988,29988,29989]} 1. d4 Nf6 2. c4 e6 3. Nc3 d5 4. cxd5 exd5
5. Bg5 c6 6. e3 h6 7. Bh4 Be7 8. Bd3 O-O 9. Bg3 $5 {[%mdl 4] Leaves trodden
paths. D35: Queen's Gambit Declined: Exchange Variation.} Nbd7 10. h3 Re8 11.
Nf3 {White has an edge.} Bb4 {[#]} 12. Qb3 $146 ({Predecessor:} 12. Qc2 Ne4 13.
Bh2 Qf6 14. O-O Ng5 15. Ne5 Nxe5 16. Bxe5 Nf3+ 17. gxf3 Qxf3 18. Qe2 Qxh3 {
1-0 (65) Furman,B (2279)-Jelen,P (2173) Tatranske Zruby 2001}) 12... c5 13. O-O
Bxc3 14. Qxc3 ({Avoid the trap} 14. bxc3 $2 c4 $19) 14... c4 15. Bc2 a5 16. a4
Qb6 17. b3 Ne4 18. Bxe4 dxe4 19. Nd2 cxb3 20. Rfb1 Qg6 21. Rxb3 Nf6 22. Rb5 Be6
23. Rxa5 Nd5 24. Rxa8 Rxa8 25. Qb3 b6 {[#]} 26. Kh2 $1 h5 {White must now
prevent ...h4!} 27. Qb5 Rc8 {[#]} (27... Qf5 $16 {might work better.}) 28. a5
$1 $18 {[%cal Ra5b6]} bxa5 29. Rxa5 Kh7 30. Qb1 Nc3 31. Qb7 Bf5 32. Rc5 Rxc5
33. dxc5 Ne2 (33... Qe6 $142 34. Qb2 Na4) 34. Qd5 Qe6 35. Qxe6 Bxe6 36. Nxe4 {
[%mdl 4096] Endgame Ng5+ is the strong threat. KBN-KBN} Bd5 (36... Bd7 $142 37.
Nd6 f6) 37. Nd6 Nc3 38. f3 f6 39. e4 Bc6 (39... Ba8 {was worth a try.} 40. Be1
Ne2) 40. Nf5 Nb5 41. Ne7 Be8 (41... Ba8 {was called for.} 42. c6 Na7) 42. c6
Na7 43. c7 {aiming for Bf2.} Bd7 44. Bf2 Nc8 45. Nd5 Kg8 46. g4 hxg4 47. hxg4
Kf7 48. Bc5 Bc6 $2 (48... Ke8 49. Kg3 Ba4) 49. f4 Bb5 50. f5 Bd3 51. Nb6 (51.
Ne7 $142 Nxe7 52. Bxe7 Ba6 53. Bc5 Ke8 54. Kg3 Bb7 55. Kf4 Kf7 56. g5) 51...
Nxb6 52. Bxb6 {KB-KB. White mates.} Ba6 53. Bd4 g6 54. Kg3 gxf5 55. exf5 Ke7
56. Kf4 Kd7 57. Bxf6 Kxc7 58. g5 Kd7 59. g6 Ke8 60. Kg5 Kf8 61. Bc3 Bc4 62. f6
Kg8 63. Bb4 Bb3 64. Kf4 {Black got outplayed after the opening.  Weighted
Error Value: White=0.08/Black=0.54} 1-0

[Event "Skilling Open CCT 2021"]
[Site "Online"]
[Date "2020.11.19"]
[Round "5.8"]
[White "Radjabov, Teimour"]
[Black "Anton Guijarro, David"]
[Result "0-1"]
[WhiteElo "2758"]
[BlackElo "2667"]
[Annotator "TA"]
[PlyCount "114"]
[EventDate "2020.11.20"]
[EventType "tourn"]
[EventCountry "NET"]
[Tiebreak "Koya+Number of black wins+Number of wins"]
[SourceTitle "playchess.com"]
[Source "ChessBase"]
[SourceQuality "1"]

{[%evp 12,114,2,0,0,0,0,7,0,-58,-49,-85,-65,-66,-32,-44,0,-23,0,0,0,15,8,0,0,0,
0,0,0,0,0,0,0,-35,-20,-22,-33,-74,-65,-77,-74,-89,-53,-54,-66,-89,0,0,14,0,0,
-134,260,217,460,449,421,0,387,0,0,0,0,-12,-17,-16,18,-288,-259,-396,-406,-429,
-444,-393,-357,-397,-382,-358,-299,-571,-551,-1221,-395,-381,-369,-440,-438,
-666,-752,-692,-672,-714,-680,-592,-430,-409,-391,-401,-101,-189,-185,-185,
-188,-1513,-1316]} 1. d4 Nf6 2. c4 e6 3. Nf3 d5 4. Nc3 Bb4 5. Bg5 dxc4 6. Qa4+
Nc6 7. e3 Bd7 {D39: Queen's Gambit Declined: Ragozin Defence with 5 Bg5 dxc4.}
8. Qc2 b5 9. Be2 a6 {[#] The position is equal.} 10. a3 $146 (10. O-O $11) ({
Predecessor:} 10. O-O Be7 11. e4 O-O 12. Rad1 Re8 13. h3 h6 14. Bf4 Nb4 15. Qc1
Bf8 16. Ne5 {0-1 (49) Bartholomew,J (2446)-Sarana,A (2657) Chess.com INT 2020})
10... Be7 $15 11. e4 O-O 12. Rd1 Re8 13. h4 Ng4 14. Bf4 e5 15. Nxe5 Ngxe5 16.
dxe5 Bf8 17. Qd2 Be6 18. Qe3 Qe7 19. O-O Qc5 ({Avoid the trap} 19... Qxh4 $2
20. Bg5 $18) 20. Qg3 $1 Rad8 21. h5 Nd4 22. Bg4 Bxg4 23. Qxg4 c6 24. Bg5 Be7 $1
25. Be3 {And now Rxd4 would win.} Qxe5 26. f4 Qe6 27. f5 Qe5 28. Bf4 Qc5 (28...
Qf6 $1 $17) 29. Kh1 $36 {[%mdl 2048] Black is under pressure.} Bf6 30. e5 Bxe5
31. Ne4 (31. h6 $1 $11 Bf6 32. Bg3) 31... Qd5 $2 {[%mdl 8192]} (31... Qf8 $1
$17 {stays on course.} 32. h6 Kh8 33. Bxe5 Rxe5) 32. Bg5 $18 (32. Bxe5 $2 Qxe5
33. Rde1 Nc2 $17) 32... Rd6 $2 (32... Kh8) 33. Nc3 (33. Be3 c5 $11) 33... Qc5 {
...Nb3 is the strong threat.} 34. Ne4 Qd5 35. Be3 $2 ({White has to play} 35.
Rfe1 $18 Kf8 36. h6) 35... c5 $11 36. f6 {[%csl Gf6][%cal Rg4g7]} g6 {Strongly
threatening ...Rc6.} 37. hxg6 hxg6 {White must now prevent ...Rde6.} 38. Nxd6
Qxd6 {[#]} 39. Bh6 $2 {[%mdl 8192]} (39. Qxg6+ $1 $11 {[%mdl 512] and White is
okay.} fxg6 40. f7+ {[%mdl 64] Double Attack} Kf8 41. Bh6+ Ke7 42. f8=Q+ Kd7
43. Rf7+ Re7 44. Bg5 Rxf7 45. Qxf7+ Kc6 46. Qa7) 39... Bxf6 $19 40. Qf3 (40.
Rde1 $142 Rxe1 41. Rxe1) 40... Re6 ({Not} 40... Nxf3 41. Rxd6 Be5 42. Rd5 $15)
41. Qa8+ ({But not} 41. Qb7 Re5 $19) 41... Kh7 42. Bf4 Qd7 43. Rfe1 Rxe1+ 44.
Rxe1 Qg4 45. Bh2 $2 (45. Qe4 {only move.}) 45... Nf5 46. Qf8 {[#]} Nh6 $2 (
46... Qh4 $1 47. Qxf7+ Kh6 $1 {[%mdl 512]} 48. Qf8+ Bg7) 47. Qxc5 Bxb2 48. Qd6
Bg7 49. Qxa6 (49. Qg3 $142 a5 50. Rc1) 49... Qh4 50. g3 {[#]} Qh5 $1 {( -> ...
Qf3+)} 51. Qc6 Ng4 {[%csl Gg4][%cal Rh5h2]} 52. Re2 Qf5 53. Bg1 Qd3 54. Qg2 f5
$2 (54... Qxa3 $19 {Threatens to win with ...Qb3.} 55. Re4 f5) 55. Re7 $17 {[#]
} Nf6 $1 56. Qb7 Nh5 57. Bf2 $2 (57. Rd7 Qxg3 58. Bd4 Qe1+ 59. Kh2) 57... Qf1+
{[%mdl 64] Double Attack.  Weighted Error Value: White=0.77/Black=0.47} 0-1

[Event "Skilling Open CCT 2021"]
[Site "Online"]
[Date "2020.11.19"]
[Round "8.4"]
[White "Ding, Liren"]
[Black "Carlsen, Magnus"]
[Result "1/2-1/2"]
[WhiteElo "2836"]
[BlackElo "2881"]
[Annotator "TA"]
[PlyCount "98"]
[EventDate "2020.11.20"]
[EventType "tourn"]
[EventCountry "NET"]
[Tiebreak "Koya+Number of black wins+Number of wins"]
[SourceTitle "playchess.com"]
[Source "ChessBase"]
[SourceQuality "1"]

{[%evp 9,98,25,31,30,37,30,20,24,20,16,18,12,25,19,99,92,87,100,96,95,92,92,97,
97,109,68,69,48,51,44,54,25,31,-10,-8,-13,18,4,7,0,0,0,4,0,0,0,0,0,0,0,0,0,0,0,
0,0,0,0,0,0,0,0,0,0,0,0,0,0,0,0,0,0,0,0,0,0,0,0,0,0,0,0,0,0,0,0,0,0,0,0,0]} 1.
d4 Nf6 2. c4 e6 3. Nf3 d5 4. Nc3 {[#]} h6 $146 ({Predecessor:} 4... Be7 5. Bf4
O-O 6. e3 Nbd7 7. Be2 dxc4 8. O-O a6 9. a4 c5 10. d5 exd5 11. Nxd5 Nxd5 12.
Qxd5 Nf6 13. Qxd8 Rxd8 14. Bc7 Re8 15. Bxc4 Be6 16. Bxe6 fxe6 17. a5 Nd5 18.
Be5 c4 19. Rfc1 Rac8 20. Nd2 Nb4 21. Rxc4 Nd3 22. Bc3 Bf6 23. Rb1 Rxc4 24. Nxc4
Bxc3 25. bxc3 Rc8 26. Nd6 Rxc3 27. g4 Rc2 28. Rxb7 Rxf2 29. Rb3 Nc5 30. Rb6 Nd3
31. Rxa6 h6 32. Rc6 Ra2 33. Nc4 Ne1 34. h3 {Martirosyan,H (2622)-Nakamura,H 
(2736) Chess.com INT 2020 1/2-1/2 (68)}) 5. Bf4 Bd6 6. Bxd6 {D37: Queen's
Gambit Declined: 5 Bf4.} Qxd6 7. e3 O-O 8. Rc1 b6 9. cxd5 Nxd5 10. Nxd5 Qxd5
11. a3 Qd6 {[#]} (11... Bb7 $11) 12. Qc2 $1 $16 c6 13. Qe4 Qd5 14. Bd3 {
[%csl Gd3][%cal Re4h7]} Qxe4 15. Bxe4 Bb7 16. Ne5 f6 17. Ng6 ({And not} 17.
Bxc6 Rc8 $17) ({Not} 17. Nxc6 Nxc6 18. Rxc6 (18. Bxc6 $2 Rac8 $19) 18... f5 $19
) 17... Rd8 18. Nf4 Rd6 19. O-O Nd7 20. Rc3 Rd8 21. Rfc1 {[%cal Re4c6]} e5 {
The position is equal.} 22. dxe5 Nxe5 {[#] ( -> ...Rd1+)} 23. h3 Rd1+ 24. Kh2
Rxc1 25. Rxc1 Rd6 26. Ng6 Nxg6 27. Bxg6 $11 {[%mdl 4096] Endgame KRB-KRB} Kf8
28. Be4 Rd2 29. Bxc6 Bxc6 30. Rxc6 Rxf2 {KR-KR} 31. b4 Re2 32. Rc8+ Kf7 33.
Rc7+ Kg6 34. Rxa7 Rxe3 35. a4 Ra3 36. a5 bxa5 37. bxa5 f5 38. a6 f4 39. Ra8 Ra2
40. Rf8 Rxa6 (40... Kg5 {looks sharper.} 41. Rf7 Rxa6 42. Rxg7+ Kf6 43. Rb7 Kg6
) 41. Rxf4 Rf6 42. Kg3 Rxf4 43. Kxf4 {KPP-KPP} Kf6 44. g4 g5+ 45. Ke4 Ke6 46.
Kd4 Kd6 47. Ke4 {Intending Kf5 and mate.} Ke6 48. Kd4 Kd6 49. Ke4 {White wants
to mate with Kf5.} Ke6 {Weighted Error Value: White=0.04/Black=0.05} 1/2-1/2

[Event "Skilling Open CCT 2021"]
[Site "Online"]
[Date "2020.11.19"]
[Round "8.8"]
[White "Le, Quang Liem"]
[Black "Vidit, Santosh Gujrathi"]
[Result "1/2-1/2"]
[WhiteElo "2744"]
[BlackElo "2636"]
[Annotator "TA"]
[PlyCount "84"]
[EventDate "2020.11.20"]
[EventType "tourn"]
[EventCountry "NET"]
[Tiebreak "Koya+Number of black wins+Number of wins"]
[SourceTitle "playchess.com"]
[Source "ChessBase"]
[SourceQuality "1"]

{[%evp 24,84,30,30,25,25,41,30,32,34,26,21,19,26,25,22,11,16,63,0,0,0,0,0,0,0,
0,0,0,0,0,0,8,0,0,0,54,54,80,58,66,66,66,66,93,39,47,45,91,88,87,80,80,80,80,0,
0,0,0,0,0,0,0]} 1. e4 e5 2. Nf3 Nc6 3. Bb5 a6 4. Ba4 Nf6 5. O-O Nxe4 6. d4 b5
7. Bb3 d5 8. dxe5 Be6 9. Nbd2 Nc5 10. c3 d4 11. Bxe6 Nxe6 12. cxd4 Ncxd4 13. a4
Bb4 {now supersedes 13...Be7. C80: Open Ruy Lopez: Sidelines and 9 Nbd2.} 14.
axb5 Nxb5 ({Don't play} 14... axb5 $6 15. Rxa8 Qxa8 16. Nxd4 $16) 15. Qa4 c5 {
White has an edge.} 16. Nc4 O-O 17. Rd1 Nbd4 18. Nxd4 Nxd4 19. Be3 {[#]
Strongly threatening Bxd4.} a5 {[#]} 20. h3 $146 ({Predecessor:} 20. Rac1 Rc8
21. Kh1 Qh4 22. Nd6 Rcd8 23. Qa2 Ne6 24. f4 Qe7 25. Qc4 Rd7 26. f5 {1-0 (49)
Eliseev,U (2550)-Bai,J (2419) Kocaeli 2013}) 20... Ra6 21. Bxd4 (21. Nd6 $14)
21... cxd4 $11 22. Nd6 Qg5 23. Rxd4 Qxe5 {[%mdl 64] [#] Double Attack} 24. Rxb4
{[%mdl 64] aiming for Nc4. Pin} Rxd6 25. Rb5 Qe2 26. Qxa5 Rd2 $1 27. Qb6 Rfd8
28. b4 h6 29. Rba5 R8d4 ({Black should try} 29... Qe4 $11 30. Rf1 Re8) 30. Rf5
$14 f6 31. Qb7 Rd7 32. Qc6 R7d6 33. Qc5 Kh7 34. Kh2 (34. Ra7 $16) 34... Qe4 35.
Ra7 Rd7 36. Rxd7 Rxd7 $16 {[%mdl 4096] Endgame KQR-KQR} 37. Rf3 Rd5 38. Qc7 {
Rg3 is the strong threat.} Qxb4 39. Qf7 (39. Rxf6 $1 $16 {And now Qc2+ would
win.} Qb2 40. Rf7) 39... Qd6+ $11 {The position is equal.} 40. Rg3 {[%csl Gg3]
[%cal Rf7g7]} Rg5 41. Qb3 Rxg3 42. Qxg3 Qe6 {Weighted Error Value: White=0.10/
Black=0.11} 1/2-1/2

[Event "Skilling Open CCT 2021"]
[Site "Online"]
[Date "2020.11.19"]
[Round "9.1"]
[White "Vidit, Santosh Gujrathi"]
[Black "Vachier-Lagrave, Maxime"]
[Result "1/2-1/2"]
[WhiteElo "2636"]
[BlackElo "2860"]
[Annotator "TA"]
[PlyCount "86"]
[EventDate "2020.11.20"]
[EventType "tourn"]
[EventCountry "NET"]
[Tiebreak "Koya+Number of black wins+Number of wins"]
[SourceTitle "playchess.com"]
[Source "ChessBase"]
[SourceQuality "1"]

{[%evp 20,86,27,27,28,27,32,28,40,36,31,35,24,43,58,17,26,20,34,17,27,17,33,0,
0,0,0,0,0,0,17,0,0,0,0,0,0,0,0,0,0,0,0,0,0,15,10,8,39,34,33,32,28,16,212,209,
206,191,190,0,0,0,0,0,0,0,0,0,0]} 1. d4 Nf6 2. c4 g6 3. Nc3 d5 4. cxd5 Nxd5 5.
e4 Nxc3 6. bxc3 Bg7 7. Be3 c5 8. Nf3 Qa5 9. Qd2 O-O 10. Rc1 Bg4 11. d5 b5 {
[%cal Bb7b5,Bb5b4][%mdl 32] D85: Exchange Grünfeld: Unusual White 7th moves
and lines with 7 Nf3.} 12. Bxc5 Rc8 13. Bb4 (13. Bxe7 Bxc3 14. Rxc3 Rxc3 $15)
13... Qc7 {White has an edge.} 14. Nd4 (14. Bxb5 a5 $11) 14... a5 $1 {[%cal
Ra5b4]} 15. Ba3 b4 $1 {[%cal Rb4a3]} 16. Bb2 Qb6 17. Bb5 e5 {Strongly
threatening ...bxc3.} (17... Bxd4 $6 18. Qxd4 Qxd4 19. cxd4 $16) 18. dxe6 $1 (
18. Qg5 $2 h5 $19) 18... Bxe6 (18... Bxd4 $2 19. Qxd4 Qxd4 20. exf7+ Kxf7 21.
cxd4 $18) 19. Nxe6 fxe6 20. c4 {[%cal Bc3c4,Bc4c5][%mdl 32] [#]} Rd8 $146 ({
Predecessor:} 20... Bxb2 21. Qxb2 Nc6 22. Qf6 Nd4 23. Bd7 Rf8 24. Qe5 Rxf2 25.
Kxf2 Rf8+ 26. Ke3 Nf5+ {1/2-1/2 (37) Vidit,S (2726)-Nepomniachtchi,I (2784)
chess.com INT 2020}) 21. c5 Rxd2 22. cxb6 Rxb2 23. Rc8+ $1 (23. b7 $2 Ra7 $19)
23... Kf7 {...Rb1+ is the strong threat.} 24. Rc7+ Kf8 {Hoping for ...Na6.} 25.
Ra7 {And now 0-0 would win.} Rb1+ 26. Ke2 Rxh1 27. f4 $1 Rc1 ({Avoid the trap} 
27... Rxh2 $2 28. Rxa8 Kf7 29. Rxb8 $18) ({Not} 27... Rxa7 $2 28. bxa7 Bc3 29.
axb8=Q+ $18) 28. Rxa8 Rc8 29. e5 {[#]} g5 $1 30. g3 (30. fxg5 Bxe5) 30... gxf4
31. gxf4 {Threatens to win with Bd7!} Bh6 $1 {[%cal Rh6f4]} 32. Kf3 Kg7 33.
Ra7+ ({Much worse is} 33. Rxa5 Rf8 $17) 33... Kg8 34. Rc7 {[%mdl 1024] White
has compensation.} Rf8 35. Rc4 Bg5 36. Kg4 Bd8 $2 (36... Bh6 $1 $11) 37. b7 $18
Bb6 38. Rc8 {Black must now prevent Bc4.} Kg7 {[#]} 39. Kf3 $2 ({Only move:} 
39. Bc4 $1 $18) 39... Ba7 $11 {The position is equal.} 40. Be8 Na6 41. Bb5 Nb8
42. Be8 Na6 43. Bb5 Nb8 {Weighted Error Value: White=0.11/Black=0.10} 1/2-1/2